|
|
|
|
| LEADER |
00000nab a2200000 a 4500 |
| 001 |
vtls000777141 |
| 003 |
SK-MaSNL |
| 005 |
20260302152742.0 |
| 008 |
180206c2001 xo 0 slo |
| 015 |
|
|
|a SNBRB2001/12-35222
|
| 035 |
|
|
|a CLN000128927
|
| 040 |
|
|
|a SNKBUCL
|b slo
|c SNKBUCL
|e AACR2
|
| 041 |
0 |
|
|a slo
|
| 044 |
|
|
|a xo
|c SK
|
| 080 |
|
|
|a 796.966.093.1
|2 UDC-MRF-SK2
|
| 245 |
0 |
0 |
|a Seničania v šlágri úspešnejší
|b 1. hokejová liga - 21. kolo: prekvapenie sa na Zemplíne nekonalo
|
| 650 |
0 |
7 |
|a hokej ľadový
|x liga 1.
|y sezóna 2001/2002
|x kolo 21.
|2 snkbucl
|9 846653
|
| 655 |
|
7 |
|a články z novín a časopisov
|2 snkbucl
|9 267496
|
| 773 |
0 |
|
|x 0139-7001
|t Šport
|g Roč. 55, č. 273 (28.11.2001), s. 5
|
| 850 |
|
|
|a Slovenská národná knižnica v Martine
|
| 852 |
|
|
|a SNK
|b KIS3GCP
|
| 958 |
|
|
|a RBX
|
| 999 |
|
|
|c 1363365
|d 1365295
|